ARRUPE JESUIT UNIVERSITY

CORONAVIRUS -STOP THE SPREAD - CLEAN,DISINFECT,COVER

African interlude / (Record no. 48526)

MARC details
000 -LEADER
fixed length control field 00359nam a2200157Ia 4500
003 - CONTROL NUMBER IDENTIFIER
control field 0100
005 - DATE AND TIME OF LATEST TRANSACTION
control field 20180307145017.0
008 - FIXED-LENGTH DATA ELEMENTS--GENERAL INFORMATION
fixed length control field 130303s9999 xx 000 0 und d
040 ## - CATALOGING SOURCE
Transcribing agency ARRUPELIB
050 ## - LIBRARY OF CONGRESS CALL NUMBER
Classification number DT955.H6 1958
100 ## - MAIN ENTRY--PERSONAL NAME
Personal name Holleman, J.F
9 (RLIN) 40276
245 ## - TITLE STATEMENT
Title African interlude /
260 ## - PUBLICATION, DISTRIBUTION, ETC. (IMPRINT)
Place of publication, distribution, etc Cape Town
Name of publisher, distributor, etc Nasionale Boekhandel
Date of publication, distribution, etc 1958
650 ## - SUBJECT ADDED ENTRY--TOPICAL TERM
Topical term or geographic name as entry element Mashona
9 (RLIN) 36265
700 ## - ADDED ENTRY--PERSONAL NAME
Personal name J.F Holleman
9 (RLIN) 40277
942 ## - ADDED ENTRY ELEMENTS (KOHA)
Source of classification or shelving scheme Library of Congress Classification
Koha item type Monograph ( Printed materials)
Holdings
Withdrawn status Lost status Source of classification or shelving scheme Damaged status Not for loan Collection code Home library Current library Shelving location Date acquired Total Checkouts Full call number Barcode Date last seen Date checked out Copy number Price effective from Koha item type
    Library of Congress Classification     Main Collection ARRUPE LIBRARY ARRUPE LIBRARY   04/03/2013 1 DT955.H6 1958 46003067901 07/12/2017 11/11/2015 1 04/03/2013 Monograph ( Printed materials)
    Library of Congress Classification     SPECIAL Collection ARRUPE LIBRARY ARRUPE LIBRARY Main Collection 26/03/2014   SPC DT955.H6 1958 46500001883 26/03/2014     26/03/2014 REFERENCE

 

Arrupe Library. PO Box MP320 Mt Pleasant, Harare, Zimbabwe
263 242 745411|librarian@aju.ac.zw